Online
Catalog

Colores primarios : (Record no. 23416)

MARC details
000 -CABECERA
campo de control de longitud fija 00813nam a2200241 a 4500
001 - NÚMERO DE CONTROL
campo de control 000023920
005 - FECHA Y HORA DE LA ÚLTIMA TRANSACCIÓN
campo de control 20200930022554.0
008 - DATOS DE LONGITUD FIJA--INFORMACIÓN GENERAL
campo de control de longitud fija 110117s1996 mx 000 f spa d
020 ## - NÚMERO INTERNACIONAL ESTÁNDAR DEL LIBRO
Número Internacional Estándar del Libro 8420428787
040 ## - FUENTE DE LA CATALOGACIÓN
Centro catalogador/agencia de origen DO-SdBNP
Lengua de catalogación spa
Centro/agencia transcriptor BNPHU
082 ## - NÚMERO DE LA CLASIFICACIÓN DECIMAL DEWEY
Número de clasificación 813.5
Número de documento/Ítem K64c
100 1# - ENTRADA PRINCIPAL--NOMBRE DE PERSONA
Nombre de persona Klein, Joe,
Fechas asociadas al nombre 1946-
9 (RLIN) 49217
240 10 - TÍTULO UNIFORME
Título uniforme Primary colors.
Lenguaje de la obra Español.
245 10 - MENCIÓN DE TÍTULO
Título Colores primarios :
Resto del título una novela política /
Mención de responsabilidad, etc. Anónimo ; traducción de Antonio Resines y Herminia Bevia.
260 ## - PUBLICACIÓN, DISTRIBUCIÓN, ETC.
Lugar de publicación, distribución, etc. Madrid, (España) :
Nombre del editor, distribuidor, etc. Santillana, Alfaguara,
Fecha de publicación, distribución, etc. 1996.
300 ## - DESCRIPCIÓN FÍSICA
Extensión 575 p. ;
Dimensiones 24 cm.
490 1# - MENCIÓN DE SERIE
Mención de serie Extra alfaguara
650 #4 - PUNTO DE ACCESO ADICIONAL DE MATERIA--TÉRMINO DE MATERIA
Término de materia o nombre geográfico como elemento de entrada Novela estadounidense
9 (RLIN) 262
650 #4 - PUNTO DE ACCESO ADICIONAL DE MATERIA--TÉRMINO DE MATERIA
Término de materia o nombre geográfico como elemento de entrada Novela política
9 (RLIN) 49218
700 1# - PUNTO DE ACCESO ADICIONAL--NOMBRE DE PERSONA
Nombre de persona Resines, Antonio,
Término indicativo de función/relación traductor
9 (RLIN) 49219
700 1# - PUNTO DE ACCESO ADICIONAL--NOMBRE DE PERSONA
Nombre de persona Bevia, Herminia
Término indicativo de función/relación traductor
9 (RLIN) 49220
830 #0 - PUNTO DE ACCESO ADICIONAL DE SERIE-TÍTULO UNIFORME
Título uniforme Extra alfaguara
9 (RLIN) 16634
Holdings
Estado de retiro Estado de pérdida Restricciones de uso No para préstamo Código de colección Localización permanente Ubicación/localización actual Ubicación en estantería Fecha de adquisición Número de inventario Total de préstamos Signatura topográfica completa Código de barras Fecha visto por última vez Precio válido a partir de Tipo de ítem Koha
        Monografías: Libros y Folletos General General En catalogación 17.01.2011 LF1   813.5 K64c 23920-10 25.06.2020 25.06.2020 Préstamo en sala
        Monografías: Libros y Folletos Patrimonio Dominicano Patrimonio Dominicano Orden iniciada 02.06.2017 LF1   813.5 K64c 23920-20 25.06.2020 25.06.2020 No se presta

Powered by Koha